00315nam a2200121Ia 4500003000400000005001700004008004100021020001900062040002700081100001600108245004100124260002800165OSt20240311160841.0170523s9999 xx 000 0 und d a 9789352168187 cIIMT UNIVERSITY MEERUT aGupta- R.P. 0aBasic Electrical Engineering (Hindi) aBBP Publications Meerut